[Event "English Opening Thematic"]
[Site "SchemingMind.com"]
[Date "2018.02.01"]
[Round "-"]
[White "echecs"]
[Black "Johnny Owens"]
[Result "0-1"]
[WhiteCountry "ENG"]
[BlackCountry "USA"]
[WhiteElo "1697"]
[WhiteRD "65"]
[BlackElo "2016"]
[BlackRD "74"]
[GameID "424253"]

1. c4 e6 2. Nc3 Nf6 3. e3 d5 4. cxd5 exd5 5. d4 c6 6. Be2 Bd6 7. Bd2 O-O 8. Nf3 Re8 9. O-O Nbd7 10. a3 Ne4
11. Nxe4 dxe4 12. Ne1 Nf6 13. Nc2 Qc7 14. g3 Bh3 15. Re1 Qd7 16. Bb4 Bc7 17. Rb1 Qf5 18. f4 exf3 19. Bxf3 a5 20. Bc3 Ne4
21. Qe2 Qg6 22. Bxe4 Rxe4 23. Rbc1 Bxg3 24. hxg3 Qxg3+ 25. Kh1 Rh4 26. Qh2 Bg2+ 27. Kg1 Rxh2
0-1

[Event "English Opening Thematic"]
[Site "SchemingMind.com"]
[Date "2018.02.01"]
[Round "-"]
[White "Johnny Owens"]
[Black "echecs"]
[Result "1-0"]
[WhiteCountry "USA"]
[BlackCountry "ENG"]
[WhiteElo "2016"]
[WhiteRD "74"]
[BlackElo "1697"]
[BlackRD "65"]
[GameID "424254"]

1. c4 c5 2. g3 e6 3. Bg2 Nc6 4. Nc3 Nf6 5. e3 Be7 6. Nge2 O-O 7. O-O a6 8. d4 cxd4 9. exd4 Rb8 10. d5 Ne5
11. d6 Nxc4 12. dxe7 Qxe7 13. Bg5 h6 14. Bxf6 Qxf6 15. b3 Na5 16. Qd6 Ra8 17. Na4 Nc6 18. Nb6 Ra7 19. Rfd1 Qf5 20. Rac1 Qb5
21. Qc7 Qxe2 22. Nxc8 Ra8 23. Nb6 Rad8 24. Nxd7 Rfe8 25. Bxc6 bxc6 26. Nf6+ gxf6 27. Rxd8 Rxd8 28. Qxd8+ Kg7 29. Qa5 e5 30. Rxc6 Qe1+
31. Qxe1
1-0

[Event "English Opening Thematic"]
[Site "SchemingMind.com"]
[Date "2018.02.18"]
[Round "-"]
[White "echecs"]
[Black "mespina"]
[Result "0-1"]
[WhiteCountry "ENG"]
[BlackCountry "ESP"]
[WhiteElo "1785"]
[WhiteRD "73"]
[BlackElo "2142"]
[BlackRD "103"]
[GameID "424837"]

1. c4 g6 2. e3 Bg7 3. d4 d6 4. Nc3 Nf6 5. a3 O-O 6. Nf3 Bf5 7. Be2 e5 8. dxe5 dxe5 9. Nxe5 Ne4 10. Nxe4 Qxd1+
11. Bxd1 Bxe4 12. Nf3 Nd7 13. O-O Nc5 14. Nd4 Bd3 15. Be2 Nb3 16. Ra2 Bb1 17. Nxb3 Bxa2 18. Nc5 b6 19. Ne4 Rad8 20. b4 f5
21. Nd2 Bc3 22. Nf3 Rfe8 23. h3 h6 24. g4 fxg4 25. hxg4 Re4 26. Nh2 Bxc4 27. Bxc4+ Rxc4 28. Kg2 Rd3 29. Kg3 Bd2 30. Bb2 Rc2
31. Be5 Rxa3 32. b5 Rc5 33. Bd4 Rxb5
0-1

[Event "English Opening Thematic"]
[Site "SchemingMind.com"]
[Date "2018.02.18"]
[Round "-"]
[White "mespina"]
[Black "echecs"]
[Result "1-0"]
[WhiteCountry "ESP"]
[BlackCountry "ENG"]
[WhiteElo "1995"]
[WhiteRD "161"]
[BlackElo "1797"]
[BlackRD "72"]
[GameID "424838"]

1. c4 c5 2. Nf3 Nf6 3. d4 cxd4 4. Nxd4 Nc6 5. Nc3 e6 6. g3 Bb4 7. Bg2 Bxc3+ 8. bxc3 Qa5 9. O-O Qxc3 10. Nxc6 Qxa1
11. Qd6 bxc6 12. Ba3 Qxf1+ 13. Kxf1
1-0

[Event "English Opening Thematic"]
[Site "SchemingMind.com"]
[Date "2018.02.20"]
[Round "-"]
[White "mespina"]
[Black "Johnny Owens"]
[Result "1/2-1/2"]
[WhiteCountry "ESP"]
[BlackCountry "USA"]
[WhiteElo "2097"]
[WhiteRD "89"]
[BlackElo "2016"]
[BlackRD "74"]
[GameID "424839"]

1. c4 e6 2. Nc3 Nf6 3. d4 Bb4 4. e3 O-O 5. Bd3 d5 6. Nf3 c5 7. O-O b6 8. dxc5 dxc4 9. Bxc4 Qxd1 10. Rxd1 Bxc5
11. b3 Nc6 12. Bb2 Bb7 13. Rac1 Rad8 14. Nb5 h6 15. h3 Rxd1+ 16. Rxd1 a6 17. Nc7 Nb8 18. Ne5 Kh7 19. Bd3+ Kg8 20. Bc4 Kh7
21. Bd3+ Kg8 22. Bc4 Kh7 23. Bd3+ Kg8 24. Bc4 Kh7 25. Bd3+ Kg8 26. Bc4 Kh7 27. Bd3+
1/2-1/2

[Event "English Opening Thematic"]
[Site "SchemingMind.com"]
[Date "2018.02.20"]
[Round "-"]
[White "Johnny Owens"]
[Black "mespina"]
[Result "1-0"]
[WhiteCountry "USA"]
[BlackCountry "ESP"]
[WhiteElo "2197"]
[WhiteRD "64"]
[BlackElo "2075"]
[BlackRD "80"]
[GameID "424840"]

1. c4 g6 2. g3 Bg7 3. Bg2 e5 4. Nc3 d6 5. d3 Nc6 6. e4 Nf6 7. Nge2 O-O 8. O-O Nd4 9. Nxd4 exd4 10. Ne2 c5
11. b4 Bd7 12. bxc5 dxc5 13. Bg5 h6 14. Bxf6 Qxf6 15. Nf4 Rae8 16. Nd5 Qd6 17. f4 Bc6 18. a4 f5 19. a5 fxe4 20. dxe4 g5
21. Qh5 Qe6 22. e5 gxf4 23. gxf4 Rf5 24. Qh4 Qg6 25. Rae1 Re6 26. Kh1 Rh5 27. Qf2 Qf7 28. Bf3 Rf5 29. Qg2 Qf8 30. Qh3 Re8
31. Rg1 Kh8 32. Rxg7 Kxg7 33. Be4 Rxf4 34. Qg3+ Kh8 35. Nxf4 Bxe4+ 36. Rxe4 Qf5 37. Re1 Rg8 38. Qf3 d3 39. e6 d2 40. Qc3+ Kh7
41. Qxd2 b6 42. Qd6 Qf6 43. Qd3+ Kh8 44. e7 Re8 45. Qd7
1-0

[Event "English Opening Thematic"]
[Site "SchemingMind.com"]
[Date "2018.03.03"]
[Round "-"]
[White "echecs"]
[Black "Aba"]
[Result "0-1"]
[WhiteCountry "ENG"]
[BlackCountry "ISR"]
[WhiteElo "1736"]
[WhiteRD "65"]
[BlackElo "1818"]
[BlackRD "71"]
[GameID "425382"]

1. c4 e5 2. e3 Nf6 3. b3 a6 4. Bb2 Nc6 5. Nf3 d6 6. Be2 h6 7. O-O b6 8. Nc3 Bf5 9. d4 e4 10. Nd2 d5
11. cxd5 Nxd5 12. Ndxe4 Bg6 13. Ng3 Be7 14. Bf3 Ncb4 15. a3 Nxc3 16. Bxc3 Nd5 17. Bb2 Qd7 18. e4 Nf4 19. Qd2 Bg5 20. Qc3 O-O-O
21. Rfd1 h5 22. Qc4 Qb5 23. Qc3 h4 24. a4 Qd7 25. Nf1 Bxe4 26. Kh1 Bd5 27. Bc1 h3 28. g3 Ne2 29. Qd3 Nxc1 30. Rdxc1 Bxc1
31. Rxc1 Bxf3+ 32. Qxf3 Qd5 33. Qxd5 Rxd5 34. Ne3 Rxd4 35. Kg1 Rhd8 36. Kf1 g6 37. Ke2 f5 38. Kf3 Rd3 39. b4 Ra3 40. a5 bxa5
41. bxa5 Rxa5 42. Kf4 Ra2 43. Kg5 Rxf2 44. Kxg6 Rxh2 45. Nxf5 Re2 46. g4 h2 47. Rh1 Rg8+ 48. Kh5 Kb8 49. Nd4 Rg2 50. Nc6+ Kb7
51. Ne5 Rh8+ 52. Kg5 Rg1 53. Rxh2 Rxh2 54. Nf3 Rxg4+ 55. Kxg4 Rb2 56. Kf4 a5 57. Ke4 a4 58. Nd4 a3 59. Kd3 a2 60. Nc2 Rxc2
0-1

[Event "English Opening Thematic"]
[Site "SchemingMind.com"]
[Date "2018.03.02"]
[Round "-"]
[White "Aba"]
[Black "echecs"]
[Result "1-0"]
[WhiteCountry "ISR"]
[BlackCountry "ENG"]
[WhiteElo "1818"]
[WhiteRD "71"]
[BlackElo "1736"]
[BlackRD "65"]
[GameID "425383"]

1. c4 c5 2. Nf3 Nf6 3. d4 cxd4 4. Nxd4 Nc6 5. Nc3 e6 6. g3 Be7 7. Bg2 O-O 8. O-O a6 9. Re1 Qb6 10. Nb3 Qc7
11. Bf4 d6 12. a3 e5 13. Be3 Ng4 14. Nd5 Qd8 15. Bb6 Qd7 16. Rc1 f5 17. e3 Bg5 18. f3 Nf6 19. f4 Bh6 20. c5 e4
21. Bf1 Qf7 22. Bc4 Be6 23. Nxf6+ Qxf6 24. Bxe6+ Qxe6 25. cxd6 g5 26. Nc5 Qf7 27. d7 gxf4 28. exf4 Qg6 29. Qd5+ Kh8 30. Nxb7 Ne7
31. Qe5+ Kg8 32. d8=Q Raxd8 33. Bxd8 Bxf4 34. Qxf4 Qb6+ 35. Bxb6
1-0

[Event "English Opening Thematic"]
[Site "SchemingMind.com"]
[Date "2018.03.02"]
[Round "-"]
[White "Aba"]
[Black "mespina"]
[Result "0-1"]
[WhiteCountry "ISR"]
[BlackCountry "ESP"]
[WhiteElo "1801"]
[WhiteRD "70"]
[BlackElo "2142"]
[BlackRD "103"]
[GameID "425384"]

1. c4 Nf6 2. Nc3 g6 3. d4 Bg7 4. e4 d6 5. Nf3 O-O 6. h3 e5 7. d5 a5 8. Bg5 Na6 9. Be2 h6 10. Bh4 g5
11. Bg3 Nh5 12. Bh2 Nf4 13. Bxf4 exf4 14. O-O Bxc3 15. bxc3 Re8 16. Qc2 Nc5 17. Nd2 Re5 18. f3 f5 19. Bd3 Qe7 20. Rfe1 g4
21. Qb1 gxf3 22. Nxf3 Nxd3 23. Nxe5 Nxe1 24. Ng6 Qg5 25. Qxe1 Qxg6 26. exf5 Bxf5
0-1

[Event "English Opening Thematic"]
[Site "SchemingMind.com"]
[Date "2018.03.03"]
[Round "-"]
[White "mespina"]
[Black "Aba"]
[Result "1-0"]
[WhiteCountry "ESP"]
[BlackCountry "ISR"]
[WhiteElo "2142"]
[WhiteRD "103"]
[BlackElo "1801"]
[BlackRD "70"]
[GameID "425385"]

1. c4 e6 2. Nc3 Nf6 3. d4 Bb4 4. e3 d5 5. Qc2 b6 6. Qa4+ Nc6 7. Qxc6+ Bd7 8. Qb7 a6 9. cxd5 Ne4 10. dxe6 Nxc3
11. exd7+ Kxd7 12. Bd2
1-0

[Event "English Opening Thematic"]
[Site "SchemingMind.com"]
[Date "2018.03.03"]
[Round "-"]
[White "Aba"]
[Black "Johnny Owens"]
[Result "1-0"]
[WhiteCountry "ISR"]
[BlackCountry "USA"]
[WhiteElo "1798"]
[WhiteRD "70"]
[BlackElo "2110"]
[BlackRD "69"]
[GameID "425386"]

1. c4 e6 2. Nc3 Nf6 3. d4 Bb4 4. Nf3 O-O 5. Bg5 c5 6. e3 cxd4 7. Nxd4 Qa5 8. Bxf6 Bxc3+ 9. bxc3 Qxc3+ 10. Ke2 Qb2+
11. Ke1 Qc3+ 12. Ke2 Qb2+ 13. Ke1 Qb4+ 14. Qd2 Qxd2+ 15. Kxd2 gxf6 16. f4 b6 17. g4 Bb7 18. Rg1 Na6 19. h4 Rfd8 20. Bd3 h6
21. g5 hxg5 22. fxg5 f5 23. g6 Nc5 24. h5 fxg6 25. Rxg6+
1-0

[Event "English Opening Thematic"]
[Site "SchemingMind.com"]
[Date "2018.03.07"]
[Round "-"]
[White "Johnny Owens"]
[Black "Aba"]
[Result "1-0"]
[WhiteCountry "USA"]
[BlackCountry "ISR"]
[WhiteElo "2110"]
[WhiteRD "69"]
[BlackElo "1798"]
[BlackRD "70"]
[GameID "425387"]

1. c4 e6 2. g3 Nf6 3. Bg2 d5 4. cxd5 exd5 5. Nf3 Bb4 6. a3 Ba5 7. b4 Bb6 8. Nc3 c6 9. Bb2 h6 10. Qc2 Bg4
11. Na4 Nbd7 12. Nxb6 Nxb6 13. O-O Nc4 14. Bc3 Qe7 15. d3 Nd6 16. Nd4 Kd7 17. e4 dxe4 18. dxe4 Nfxe4 19. Rae1 f5 20. h3 Bh5
21. Nxf5 Nxf5 22. Bxe4
1-0

[Event "English Opening Thematic"]
[Site "SchemingMind.com"]
[Date "2018.03.10"]
[Round "-"]
[White "echecs"]
[Black "The Stonewall"]
[Result "0-1"]
[WhiteCountry "ENG"]
[BlackCountry "ENG"]
[WhiteElo "1736"]
[WhiteRD "65"]
[BlackElo "2319"]
[BlackRD "91"]
[GameID "425676"]

1. c4 g6 2. Nc3 Bg7 3. e3 d6 4. Nf3 e5 5. Be2 f5 6. d3 Nf6 7. Qc2 O-O 8. Bd2 Na6 9. a3 c6 10. O-O Nc7
11. Rac1 Ne6 12. b4 Qc7 13. g3 b6 14. b5 Bb7 15. a4 Rae8 16. Nh4 c5 17. f3 f4 18. gxf4 exf4 19. e4 Nh5 20. Nd5 Bxd5
21. cxd5 Nd4 22. Qd1 Qc8 23. Rf2 Qh3 24. Ng2 Re5 25. Bf1 Rg5 26. Rb1 Rg3 27. Bxf4 Rxf4 28. Be2 Rh4
0-1

[Event "English Opening Thematic"]
[Site "SchemingMind.com"]
[Date "2018.03.09"]
[Round "-"]
[White "The Stonewall"]
[Black "echecs"]
[Result "1-0"]
[WhiteCountry "ENG"]
[BlackCountry "ENG"]
[WhiteElo "2303"]
[WhiteRD "96"]
[BlackElo "1785"]
[BlackRD "73"]
[GameID "425677"]

1. c4 c5 2. Nf3 Nf6 3. Nc3 Nc6 4. d4 cxd4 5. Nxd4 g6 6. g3 Bg7 7. Bg2 d6 8. Nxc6 bxc6 9. Bxc6+ Bd7 10. Bxa8 Qxa8
11. O-O Bh3 12. Qa4+ Kf8 13. f3 Bxf1 14. Kxf1 h5 15. Be3 a6 16. c5 dxc5 17. Rd1 Kg8 18. Bxc5 e6 19. Rd6 a5 20. b4 Ng4
21. Qxa5 Nxh2+ 22. Kg2 Qxa5 23. bxa5 Nxf3 24. Rd8+ Kh7 25. Rxh8+ Bxh8 26. Kxf3 Bxc3 27. a6
1-0

[Event "English Opening Thematic"]
[Site "SchemingMind.com"]
[Date "2018.03.11"]
[Round "-"]
[White "The Stonewall"]
[Black "Aba"]
[Result "1-0"]
[WhiteCountry "ENG"]
[BlackCountry "ISR"]
[WhiteElo "2319"]
[WhiteRD "91"]
[BlackElo "1818"]
[BlackRD "71"]
[GameID "425678"]

1. c4 Nf6 2. Nc3 e5 3. g3 d5 4. cxd5 Nxd5 5. Nf3 Nc6 6. Bg2 Be6 7. O-O Nb6 8. a3 f6 9. b4 f5 10. d3 h6
11. b5 Ne7 12. e4 Qd6 13. a4 Rd8 14. a5 Nd7 15. Re1 f4 16. Ba3 Nc5 17. Na4 b6 18. d4 exd4 19. Bxc5 bxc5 20. e5 Qd7
21. Nxc5 Qc8 22. Nxe6 Qxe6 23. Nxd4 Qg6 24. Be4 Qf7 25. b6 fxg3 26. Qa4+ c6 27. hxg3
1-0

[Event "English Opening Thematic"]
[Site "SchemingMind.com"]
[Date "2018.03.12"]
[Round "-"]
[White "Aba"]
[Black "The Stonewall"]
[Result "0-1"]
[WhiteCountry "ISR"]
[BlackCountry "ENG"]
[WhiteElo "1818"]
[WhiteRD "71"]
[BlackElo "2319"]
[BlackRD "91"]
[GameID "425679"]

1. c4 g6 2. g3 Bg7 3. Bg2 d6 4. d4 Nd7 5. Nf3 e5 6. Nc3 Ne7 7. d5 O-O 8. e4 f5 9. Ng5 Nc5 10. b4 Nxe4
11. Ngxe4 fxe4 12. Nxe4 Nf5 13. Bg5 Qe8 14. Qd2 Nd4 15. O-O Bh3 16. Qd3 Qd7 17. Bxh3 Qxh3 18. Nd2 Rf5 19. Be3 Rh5
0-1

[Event "English Opening Thematic"]
[Site "SchemingMind.com"]
[Date "2018.03.08"]
[Round "-"]
[White "The Stonewall"]
[Black "mespina"]
[Result "1-0"]
[WhiteCountry "ENG"]
[BlackCountry "ESP"]
[WhiteElo "2319"]
[WhiteRD "91"]
[BlackElo "2116"]
[BlackRD "88"]
[GameID "425680"]

1. c4 Nf6 2. Nf3 g6 3. Nc3 Bg7 4. e4 d6 5. d4 O-O 6. Be2 e5 7. Be3 Ng4 8. Bg5 f6 9. Bh4 g5 10. Bg3 Nc6
11. d5 Nd4 12. Nxd4 exd4 13. Qxd4 f5 14. Qd1 Bxc3+ 15. bxc3 Qe7 16. exf5 Bxf5 17. O-O Nf6 18. Re1 Qf7 19. f3 Rae8 20. Qd2 h6
21. Bf2 Nh5 22. Bf1 Nf4 23. c5 Rxe1 24. Rxe1 a6 25. cxd6 cxd6 26. c4 b5 27. cxb5 axb5 28. Bxb5 Rc8 29. a4 Rc2 30. Qd4 Qg7
31. Qb6 Qc7 32. Qxc7 Rxc7 33. a5 Bd3 34. Bxd3 Nxd3 35. Ra1 Nxf2 36. Kxf2 Kf7 37. a6 Ra7 38. Ke3 Ke7 39. Kd4 Kd7 40. Kc4 Kc7
41. Kb5 Kb8 42. Re1 Rc7 43. Kb6 Rc8 44. Re6
1-0

[Event "English Opening Thematic"]
[Site "SchemingMind.com"]
[Date "2018.03.08"]
[Round "-"]
[White "mespina"]
[Black "The Stonewall"]
[Result "0-1"]
[WhiteCountry "ESP"]
[BlackCountry "ENG"]
[WhiteElo "2116"]
[WhiteRD "88"]
[BlackElo "2319"]
[BlackRD "91"]
[GameID "425681"]

1. c4 g6 2. g3 Bg7 3. Bg2 d6 4. Nc3 e5 5. e3 Nc6 6. d3 Be6 7. Nge2 Qd7 8. O-O h5 9. h4 Nh6 10. b3 Nf5
11. Bb2 O-O-O 12. Ne4 Nfe7 13. Ng5 d5 14. Nxe6 Qxe6 15. Rc1 Kb8 16. d4 Rhe8 17. cxd5 Nxd5 18. e4 exd4 19. exd5 Qxe2 20. dxc6 Qxb2
21. Rc2 Qa3 22. Qf3 Qa5 23. Qxf7 d3 24. Rc4 Bc3 25. Re4 Rf8 26. Qc4 d2 27. Rd1 b5 28. Qc5 a6 29. a3 Rf5 30. Qe3 b4
31. a4 Qc5 32. Qxc5 Rxc5 33. f4 Rd3 34. Kh2 Bd4 35. Bf1 Rc1 36. Be2 Bc3 37. Re6 Ka7 38. Rxg6 Re3 39. Bxh5 Re1
0-1

[Event "English Opening Thematic"]
[Site "SchemingMind.com"]
[Date "2018.03.13"]
[Round "-"]
[White "The Stonewall"]
[Black "Johnny Owens"]
[Result "0-1"]
[WhiteCountry "ENG"]
[BlackCountry "USA"]
[WhiteElo "2293"]
[WhiteRD "81"]
[BlackElo "2302"]
[BlackRD "68"]
[GameID "425682"]

1. c4 e6 2. Nf3 Nf6 3. g3 d5 4. Bg2 d4 5. O-O c5 6. e3 Nc6 7. exd4 cxd4 8. d3 Bd6 9. Bg5 h6 10. Bxf6 Qxf6
11. Nbd2 Qe7 12. Re1 O-O 13. Ne4 Bc7 14. Rc1 e5 15. Qa4 f5 16. Ned2 a6 17. Nh4 Qf6 18. c5 Rb8 19. Nc4 f4 20. Be4 Bg4
21. f3 fxg3 22. hxg3 Bh5 23. Rc2 Be8 24. Qa3 Ne7 25. Nd6 Bc6 26. Qb3+ Kh8 27. Ndf5 Nxf5 28. Bxf5 Be8 29. Be4 Qg5 30. Kh2 Rf6
31. Kg2 Bc6 32. Rg1 Rd8 33. Re1 g6 34. Rce2 Rdf8 35. Rg1 Kg7 36. Rge1 Rf4 37. Rh1 h5 38. a3 R4f6 39. Qc4 R8f7 40. Rh2 Bxe4
41. dxe4 b6 42. b4 bxc5 43. bxc5 Rd7 44. Rf2 Qe3 45. Rh1 Qxa3 46. Rc1 Qe3 47. Rd1 a5 48. Qb5 Rd8 49. Qb7 Rf7 50. Qa6 Rf6
51. Qb7 Rf7 52. Qa6 Qg5 53. Rb2 Qf6 54. c6 Qe6 55. Rc1 Kh6 56. Rc5 d3 57. Rc1 Rd4 58. Rd2 Rf8 59. Rc3 Rb8 60. Rc5 Qg8
61. Rc3 Rb6 62. Qa7 Qd8 63. Rc5 Rb1 64. Kh2 Qg5 65. f4 Qd8 66. Nf3 Rxe4 67. Rxe5 Bxe5 68. fxe5 Rf1 69. c7 Qf8 70. c8=Q Qxc8
71. Qf7 Qa8 72. Kg2 Rxf3 73. Qxf3 Re2+ 74. Rxe2 Qxf3+ 75. Kxf3 dxe2 76. Kxe2 g5 77. Kd3 Kg6
0-1

[Event "English Opening Thematic"]
[Site "SchemingMind.com"]
[Date "2018.03.13"]
[Round "-"]
[White "Johnny Owens"]
[Black "The Stonewall"]
[Result "1-0"]
[WhiteCountry "USA"]
[BlackCountry "ENG"]
[WhiteElo "2197"]
[WhiteRD "64"]
[BlackElo "2283"]
[BlackRD "83"]
[GameID "425683"]

1. c4 g6 2. g3 Bg7 3. Bg2 d6 4. Nc3 e5 5. d3 f5 6. e4 Nf6 7. exf5 gxf5 8. Nge2 O-O 9. Bg5 c6 10. d4 h6
11. Bh4 Qb6 12. O-O Qxb2 13. a3 Qb6 14. c5 dxc5 15. dxe5 Ng4 16. Na4 Qc7 17. f4 Re8 18. h3 Nxe5 19. fxe5 Qxe5 20. Ra2 b5
21. Nac3 b4 22. Nb1 Ba6 23. Rf2 Qe3 24. axb4 cxb4 25. Rd2 b3 26. Rd8 Bc4 27. Na3 Bf7 28. Rxe8+ Qxe8 29. Nd4 Bxd4 30. Qxd4 Qe1+
31. Rf1 Qe6 32. g4 Qd7 33. Qf4 a5 34. Bf6 Kh7 35. Re1 Na6 36. Re7 Qd1+ 37. Kh2 Rf8 38. Bb2 Qd3 39. Qe5 Qd6 40. Qxd6 fxg4
41. hxg4 c5 42. Qf6 Rg8 43. Rxf7+ Rg7 44. Qxg7#
1-0

[Event "English Opening Thematic"]
[Site "SchemingMind.com"]
[Date "2018.03.11"]
[Round "-"]
[White "echecs"]
[Black "Keithk"]
[Result "0-1"]
[WhiteCountry "ENG"]
[BlackCountry "ENG"]
[WhiteElo "1785"]
[WhiteRD "73"]
[BlackElo "2306"]
[BlackRD "75"]
[GameID "425752"]

1. c4 e5 2. Nc3 Nf6 3. e3 Bb4 4. a3 Bxc3 5. bxc3 d6 6. d4 Nc6 7. Bb2 e4 8. Ne2 O-O 9. Ng3 Na5 10. Be2 h5
11. Qa4 b6 12. Nxh5 Nxh5 13. Bxh5 Qg5 14. Be2 Qxg2 15. Rf1 Bh3 16. O-O-O Qxh2 17. Rh1 Qxf2 18. Rxh3 Qxe2 19. Rdh1 g6 20. R1h2 Qf1+
21. Kc2 Qd3+ 22. Kc1 Kg7 23. Rh7+ Kf6 24. Rf2+ Ke7 25. Rh3 Rh8 26. Rxh8 Rxh8
0-1

[Event "English Opening Thematic"]
[Site "SchemingMind.com"]
[Date "2018.03.12"]
[Round "-"]
[White "Keithk"]
[Black "echecs"]
[Result "1-0"]
[WhiteCountry "ENG"]
[BlackCountry "ENG"]
[WhiteElo "2306"]
[WhiteRD "75"]
[BlackElo "1785"]
[BlackRD "73"]
[GameID "425753"]

1. c4 c5 2. Nf3 Nf6 3. Nc3 Nc6 4. g3 g6 5. Bg2 Bg7 6. d4 cxd4 7. Nxd4 O-O 8. O-O Nxd4 9. Qxd4 d6 10. Qd3 Rb8
11. Be3 b6 12. b3 Nd7 13. Bd4 Nc5 14. Qd2 Ne6 15. Bxg7 Nxg7 16. Rfe1 Be6 17. e4 Nh5 18. Rad1 Qc8 19. e5 dxe5 20. Rxe5 Nf6
21. Rde1 Rd8 22. Qb2 Rd7 23. Rxe6 fxe6 24. Bh3 Rd6 25. Nb5 Qc7 26. Nxc7
1-0

[Event "English Opening Thematic"]
[Site "SchemingMind.com"]
[Date "2018.03.11"]
[Round "-"]
[White "The Stonewall"]
[Black "Keithk"]
[Result "1/2-1/2"]
[WhiteCountry "ENG"]
[BlackCountry "ENG"]
[WhiteElo "2302"]
[WhiteRD "89"]
[BlackElo "2468"]
[BlackRD "60"]
[GameID "425754"]

1. c4 e5 2. g3 Nf6 3. Bg2 d5 4. cxd5 Nxd5 5. Nf3 Nc6 6. O-O Nb6 7. Nc3 Be7 8. a3 Be6 9. b4 O-O 10. Rb1 f6
11. d3 a5 12. b5 Nd4 13. e3 Nxf3+ 14. Bxf3 Rb8 15. Qc2 f5 16. Bb2 Bd6 17. Rbc1 Qe8 18. Rfe1 Qf7 19. Qe2 a4 20. Bg2 Qd7
21. Qc2 Bb3 22. Qe2 Rf7 23. Bh3 Rd8 24. e4 Bf8 25. exf5 Qxd3 26. Qg4 Nc4 27. Nxa4 Nd2 28. Re3 Qxb5 29. Nc3 Qb6 30. Rxe5 Rd4
31. Qh5 g6 32. Qe2 Bc4 33. Na4 Bxe2 34. Nxb6 Nf3+ 35. Kg2 Rd2 36. Re3 Rxb2 37. Na4 Rd2 38. fxg6 hxg6 39. Be6 Ng5 40. Bxf7+ Nxf7
41. Rxc7 Bb5 42. Nc3 Bc6+ 43. Kf1 Bd6 44. Rc8+ Kg7 45. Ne4 Ra2 46. Nxd6 Nxd6 47. Rc7+ Kf6 48. Rc3 Ne4 49. R3xc6+ bxc6 50. Rxc6+ Kf5
51. f3 Nd2+ 52. Kg2 Nc4+ 53. Kh3 Ne5 54. Rc3 g5 55. Rc8 Rxa3 56. Rf8+ Ke6 57. Kg2 Ra2+ 58. Kg1 Nc6 59. Re8+ Kd6 60. Re3 Nd4
61. h4 Nf5 62. Rd3+ Ke5 63. hxg5 Nxg3 64. Rd7 Kf5 65. Rg7 Nh5 66. Rg8 Kf4 67. g6 Kxf3 68. Rb8 Nf4 69. Rb3+ Ke4=
1/2-1/2

[Event "English Opening Thematic"]
[Site "SchemingMind.com"]
[Date "2018.03.11"]
[Round "-"]
[White "Keithk"]
[Black "The Stonewall"]
[Result "1-0"]
[WhiteCountry "ENG"]
[BlackCountry "ENG"]
[WhiteElo "2405"]
[WhiteRD "65"]
[BlackElo "2319"]
[BlackRD "91"]
[GameID "425755"]

1. c4 g6 2. d4 Bg7 3. Nc3 d6 4. e4 e5 5. d5 Nd7 6. Bd3 Ne7 7. h4 Nf6 8. f3 O-O 9. Nge2 c6 10. a4 Qa5
11. Be3 Nd7 12. h5 Nc5 13. Bc2 cxd5 14. cxd5 Bd7 15. Qd2 Qb6 16. a5 Qb4 17. Bh6 Qxb2 18. Rb1 Qa3 19. Bxg7 Kxg7 20. hxg6 Nxg6
21. Qh6+ Kf6 22. f4 exf4 23. O-O Ke7 24. e5 dxe5 25. d6+ Kxd6 26. Rfd1+ Ke6 27. Qh3+ f5 28. Qxh7 Rg8 29. Rxd7 Nxd7 30. Bxf5+
1-0

[Event "English Opening Thematic"]
[Site "SchemingMind.com"]
[Date "2018.03.11"]
[Round "-"]
[White "Aba"]
[Black "Keithk"]
[Result "0-1"]
[WhiteCountry "ISR"]
[BlackCountry "ENG"]
[WhiteElo "1801"]
[WhiteRD "70"]
[BlackElo "2306"]
[BlackRD "75"]
[GameID "425756"]

1. c4 e5 2. Nc3 Nf6 3. e4 Bc5 4. Nf3 Ng4 5. d4 exd4 6. Nd5 d3 7. Ne3 Nxe3 8. fxe3 Nc6 9. Qxd3 O-O 10. g3 Qf6
11. a3 Qxf3
0-1

[Event "English Opening Thematic"]
[Site "SchemingMind.com"]
[Date "2018.03.11"]
[Round "-"]
[White "Keithk"]
[Black "Aba"]
[Result "1-0"]
[WhiteCountry "ENG"]
[BlackCountry "ISR"]
[WhiteElo "2405"]
[WhiteRD "65"]
[BlackElo "1818"]
[BlackRD "71"]
[GameID "425757"]

1. c4 e5 2. Nc3 Nc6 3. g3 f5 4. Bg2 Nf6 5. e3 g6 6. Nge2 d6 7. O-O Qd7 8. Nd5 Bg7 9. d4 e4 10. f3 exf3
11. Rxf3 Ne7 12. Nxf6+ Bxf6 13. Rf2 c6 14. Bd2 b6 15. Nf4 d5 16. Qb3 dxc4 17. Qxc4 Bb7 18. Re1 O-O-O 19. Ne6 Rde8 20. e4 fxe4
21. Rxf6 Nd5 22. Bh3 Nxf6 23. Bg5 Qe7 24. Rf1
1-0

[Event "English Opening Thematic"]
[Site "SchemingMind.com"]
[Date "2018.03.11"]
[Round "-"]
[White "mespina"]
[Black "Keithk"]
[Result "0-1"]
[WhiteCountry "ESP"]
[BlackCountry "ENG"]
[WhiteElo "2116"]
[WhiteRD "88"]
[BlackElo "2405"]
[BlackRD "65"]
[GameID "425758"]

1. c4 e5 2. Nc3 Nf6 3. Nf3 Nc6 4. g3 Bc5 5. Nxe5 Bxf2+ 6. Kxf2 Nxe5 7. e4 c5 8. d3 d6 9. h3 O-O 10. Bg2 Nfd7
11. Rf1 Nb8 12. Kg1 Nbc6 13. Be3 a6 14. b3 b5 15. Nd5 Be6 16. Nf4 bxc4 17. bxc4 Qa5 18. Bd2 Qd8 19. Qh5 Qc7 20. Rf2 Rfb8
21. Bc3 a5 22. Raf1 Qd7 23. Kh2 a4 24. Nd5 a3 25. Qg5 Kh8 26. Nf4 Nd4 27. Nh5 f6 28. Rxf6 Rg8 29. Rh6 Bg4 30. Rf4 Qd8
31. Nf6 gxh6 32. Qxg8+ Qxg8 33. Nxg8 Kxg8 34. hxg4 Rf8 35. Rxf8+ Kxf8 36. Kh3 Nxd3 37. Bd2 Kg7 38. g5 hxg5 39. Bxg5 Nb4 40. Bc1 Ndc2
41. Bf3 Nxa2 42. Bd2 Kf6 43. Bg4 Nd4 44. Bf4 Nb4 45. Bc1 a2 46. Bb2 Nd3 47. Ba1 Nf2+ 48. Kh4 Nxg4 49. Kxg4 Ke5 50. Kg5 Kxe4
51. g4 Kd3 52. Kh6 Nc2 53. Bb2 Kxc4 54. g5 Kb3 55. Bf6 Nd4
0-1

[Event "English Opening Thematic"]
[Site "SchemingMind.com"]
[Date "2018.03.11"]
[Round "-"]
[White "Keithk"]
[Black "mespina"]
[Result "1-0"]
[WhiteCountry "ENG"]
[BlackCountry "ESP"]
[WhiteElo "2405"]
[WhiteRD "65"]
[BlackElo "2116"]
[BlackRD "88"]
[GameID "425759"]

1. c4 Nf6 2. Nc3 e6 3. e4 c5 4. e5 Ng8 5. Nf3 Nc6 6. d4 cxd4 7. Nxd4 Nxe5 8. Ndb5 a6 9. Nd6+ Bxd6 10. Qxd6 f6
11. Be3 Ne7 12. Bb6 Nf5 13. Qb4 Nc6 14. Qc5 d6 15. Bxd8 dxc5 16. Bb6 Ncd4 17. O-O-O e5 18. Bxc5 Bd7 19. Bb6 Rc8 20. Bd3 O-O
21. Bxf5 Bxf5 22. Bxd4 exd4 23. Rxd4 b5 24. cxb5 axb5 25. Re1 Rf7 26. a3 Rb7 27. Red1 Kf7 28. Rb4 Rc5 29. f3 Bd7 30. Rd2 Rbc7
31. Kd1 g5 32. Rbd4 Be6 33. Ke1 Re5+ 34. Kf2 Rc4 35. Rxc4 Bxc4 36. Rd7+ Kg6 37. Rd4 Bf7 38. g3 h5 39. b4 Rf5 40. h4 gxh4
41. gxh4 Re5 42. f4 Re6 43. Nxb5 Ra6 44. Rd6 Ra4 45. Rd3 Kf5 46. Nd6+ Ke6 47. f5+ Ke7 48. Nxf7 Kxf7 49. Re3 Ra8 50. b5 Rb8
51. a4 Ra8 52. Re4
1-0